01097nam a22001217a 4500008004100000020001500041050001500056245005300071260003400124300002300158505076200181700003200943140911b xxu||||| |||| 00| 0 eng d a0406980926 aKD3989.L41 aThe law and parliament. /cedited by Dawn Oliver aLondon:bButterworths,c1998. axvii,219p.:c23cm. aContents: Chapter 1: The law and parliament -- Chapter 11 : The autonomy of parliament -- Chapter III : Parliament accountability for the administration of justice -- Chapter IV: Statute law and case law applicable to parliament -- Chapter V:The application of the civil and criminal law to members of parliament and parliamentary proceedings -- Chapter VI: Legal advice and representation for parliament -- Chapter VII:The law relating to members conduct -- Chapter VIII:The parliamentary ombudsman: a successful alternative? -- Chapter IX: Hansard and the interpretation of statutes -- Chapter X: Lawyers in parliament -- Chapter XI: Parliament and human rights -- Chapter XII: Legal aspect of relations between the United Kingdom and Scottish parliaments aOliver, Dawn, Drewry, Gavin